[Event "Open Ricany 2011"]
[Site "http://www.openricany.cz"]
[Date "2011.08.22"]
[Round "4.54"]
[White "Stork, Rostislav"]
[Black "Kucera, Josef"]
[Result "1/2-1/2"]
[WhiteElo "1759"]
[BlackElo "1852"]

1. e4 g6 2. d4 Bg7 3. Be3 d6 4. f3 Nd7 5. Nc3 c6 6. Qd2 e5 7. Bc4 Ne7 8. Nge2
O-O 9. Bh6 Bxh6 10. Qxh6 b5 11. Bb3 b4 12. Na4 Ba6 13. h4 d5 14. h5 g5 15. Qxg5+
Kh8 16. dxe5 Rg8 17. Qf4 Rxg2 18. Nd4 Qg8 19. O-O-O Qg5 20. Qxg5 Rxg5 21. e6
fxe6 22. Nxe6 Rgg8 23. Nc7 Be2 24. Nxa8 Bxd1 25. Rxd1 Rxa8 26. exd5 cxd5
27. Bxd5 Rb8 28. f4 Nf6 29. Bb3 Nxh5 30. Rd7 Nc6 31. f5 Rd8 32. Nc5 Rxd7
33. Nxd7 Nd4 34. Bf7 Nf4 35. f6 h5 36. Bc4 Nde6 37. Kd2 h4 38. Bxe6 Nxe6 39. Ke3
Kg8 40. c4 bxc3 41. bxc3 Kf7 42. c4 h3 43. Kf3 Ng5+ 44. Kg3 Ke6 45. Nc5+ Kxf6
46. Nd3 Kf5 47. c5 Ke4 48. Nf2+ Kd5 49. Kg4 Ne6 50. Kxh3 Nxc5 51. Kg3 Kd4
52. Kf3 Kc3 53. Ne4+ Nxe4 54. Kxe4 a5 55. a4 1/2-1/2

[Event "Open Ricany 2011"]
[Site "http://www.openricany.cz"]
[Date "2011.08.22"]
[Round "4.44"]
[White "Paukert, Jan"]
[Black "Sedivy, Ondrej"]
[Result "1-0"]
[WhiteElo "2011"]
[BlackElo "1782"]

1. d4 d5 2. Nf3 Nf6 3. g3 Bf5 4. Bg2 c6 5. O-O e6 6. b3 Be7 7. Bb2 O-O 8. Nbd2
Nbd7 9. c4 dxc4 10. bxc4 c5 11. d5 exd5 12. cxd5 Ne4 13. Ne5 Nxd2 14. Qxd2 Bf6
15. Nxd7 Bxd7 16. e4 Bxb2 17. Qxb2 b5 18. e5 Rc8 19. a3 Qb6 20. Be4 Rfe8 21. Kg2
a5 22. f4 c4 23. Rab1 c3 24. Qc2 h6 25. Qf2 Qc5 26. Qxc5 Rxc5 27. Rfc1 Rc4
28. Bd3 Rc5 29. Kf3 Rxd5 30. Rxc3 Rxd3+ 31. Rxd3 Bf5 32. Rdb3 Bxb1 33. Rxb1 Rb8
34. Ke4 Kh7 35. f5 g6 36. g4 h5 37. h3 hxg4 38. hxg4 Kg7 39. Rb3 Kf8 40. Kd5 Ke7
41. Kc5 b4 42. axb4 axb4 43. Rxb4 Rc8+ 44. Kd5 Rd8+ 45. Ke4 Rd1 46. Rb7+ Ke8
47. Kf4 Rf1+ 48. Kg5 gxf5 49. gxf5 Rg1+ 50. Kf6 Rf1 51. Re7+ Kd8 52. Rxf7 Ke8
53. Rh7 Ra1 54. e6 Kd8 55. Rh8+ Kc7 56. e7 Ra6+ 57. Kf7 1-0

[Event "Open Ricany 2011"]
[Site "http://www.openricany.cz"]
[Date "2011.08.22"]
[Round "4.9"]
[White "Prochazka, Petr"]
[Black "Kulhanek, Tomas"]
[Result "0-1"]
[WhiteElo "2006"]
[BlackElo "2378"]

1. e4 c5 2. Nf3 g6 3. d4 cxd4 4. Nxd4 Bg7 5. Nc3 Nc6 6. Be3 d6 7. Bc4 Nf6 8. f3
Nd7 9. Bb3 Nb6 10. Nxc6 bxc6 11. Bd4 Bxd4 12. Qxd4 O-O 13. Qd2 a5 14. Na4 Nxa4
15. Bxa4 Qb6 16. Qc3 Ba6 17. Bb3 d5 18. exd5 cxd5 19. O-O-O e6 20. Qd4 Qc7
21. h4 Qa7 22. Qxa7 Rxa7 23. Rd4 Kg7 24. Kd2 Rb8 25. h5 g5 26. h6+ Kf6 27. c3
Bc4 28. Bxc4 dxc4 29. Kc1 Rab7 30. Rd2 Rb5 31. g3 Re5 32. Rhh2 Re1+ 33. Kc2 Rb5
34. Rd4 Rc5 35. Kd2 Rf1 36. Ke2 Rb1 37. Ke3 Kg6 38. f4 g4 39. Rd7 Kf6 40. Rb7
Rd5 41. Re2 Rf1 42. Rc7 Kg6 43. Rxc4 Rf3+ 0-1

[Event "Open Ricany 2011"]
[Site "http://www.openricany.cz"]
[Date "2011.08.22"]
[Round "4.1"]
[White "Svoboda, Vaclav"]
[Black "Kohout, Vratislav"]
[Result "1-0"]
[WhiteElo "2286"]
[BlackElo "2153"]

1. d4 d5 2. Nf3 c6 3. c4 e6 4. Qc2 f5 5. Bf4 Nf6 6. e3 Be7 7. Bd3 Ne4 8. Nc3
O-O 9. g4 Qa5 10. Nd2 Na6 11. Nb3 Qd8 12. a3 Kh8 13. O-O-O Bd6 14. Bxd6 Qxd6
15. f3 Nxc3 16. Qxc3 Bd7 17. c5 Qe7 18. Na5 b5 19. f4 Nc7 20. g5 Rab8 21. b4 Be8
22. Be2 Rc8 23. h4 Rb8 24. Kb2 Bd7 25. Nb3 Be8 26. Nc1 Na6 27. Nd3 Rc8 28. Ra1
Qb7 29. Ne5 Kg8 30. Kc2 Rb8 31. Rhb1 Nc7 32. Kd2 Bf7 33. Nd7 Rfd8 34. Nxb8 Rxb8
35. a4 a6 36. Ra3 Be8 37. axb5 cxb5 38. c6 Qb6 39. Rc1 Kf8 40. Ra2 Ke7 41. Rac2
Kd6 42. h5 Ra8 43. g6 h6 44. Bf1 Rc8 45. Bh3 Rd8 46. Qd3 Ke7 47. Rc5 Rd6 48. Qc2
Kf6 49. Ke2 Ke7 50. Kf3 Kf6 51. Bf1 Ke7 52. Bd3 Kf6 53. Qh2 Ke7 54. Qh4+ Kf8
55. Qh3 Ke7 56. R1c2 Qb8 57. Kg3 Qc8 58. Qh1 Qb8 59. Qc1 Qb6 60. R2c3 Kf6
61. Qc2 Qb8 62. Ra3 Qb6 63. Qa2 Ke7 64. Kf3 Kf6 65. Qb1 Qb8 66. Qc2 Qc8 67. Qa2
Ke7 68. Rc1 Kd8 69. Qc2 Ke7 70. Qc5 Qb8 71. Rac3 Qa8 72. Qb6 Qc8 73. Qa7 Kf6
74. Qb7 Rd8 75. Ra3 Qb8 76. Rc5 Qc8 77. Qb6 Rd6 78. Bxb5 1-0

[Event "Open Ricany 2011"]
[Site "http://www.openricany.cz"]
[Date "2011.08.22"]
[Round "4.10"]
[White "Rydl, Jiri"]
[Black "Kubikova, Hana"]
[Result "0-1"]
[WhiteElo "2007"]
[BlackElo "2159"]

1. e4 c5 2. Nf3 d6 3. d4 cxd4 4. Nxd4 Nf6 5. Nc3 a6 6. Bc4 e6 7. Bb3 Be7 8. Be3
O-O 9. Qe2 Bd7 10. O-O-O Qc7 11. g4 Nc6 12. g5 Ne8 13. f4 Nxd4 14. Rxd4 b5
15. Qf2 a5 16. a4 b4 17. Ne2 Bc6 18. h4 Qd7 19. h5 Bxa4 20. g6 Bxb3 21. gxh7+
Kxh7 22. cxb3 Bf6 23. Rc4 Rc8 24. Rxc8 Qxc8+ 25. Kb1 Qc6 26. Qg2 a4 27. Nd4 Bxd4
28. Bxd4 axb3 29. Rg1 Qc4 30. Rd1 Rg8 31. e5 d5 32. f5 exf5 33. e6 Qc2+ 34. Qxc2
bxc2+ 35. Kxc2 fxe6 36. Re1 Nc7 37. Bb6 Rc8 38. Kd3 Ne8 39. Rxe6 Nf6 40. Bd4
Nxh5 41. Rb6 g5 42. Rxb4 Nf4+ 43. Ke3 Kg6 44. Be5 Re8 45. Rb6+ Kh5 46. Kd4 Kg4
47. b4 Rd8 48. Bd6 Rc8 49. Bxf4 Kxf4 50. Kxd5 g4 51. b5 g3 52. Rg6 Kf3 53. Rc6
Rb8 54. Rc3+ Kg4 55. Kd4 g2 56. Rc1 f4 57. Ke4 Rxb5 58. Rc8 Rb4+ 0-1

[Event "Open Ricany 2011"]
[Site "http://www.openricany.cz"]
[Date "2011.08.22"]
[Round "4.27"]
[White "Martinec, Karel"]
[Black "Koper, Stefan"]
[Result "1/2-1/2"]
[WhiteElo "1971"]
[BlackElo "2031"]

1. Nf3 g6 2. g3 Bg7 3. Bg2 c5 4. c4 Nc6 5. Nc3 d6 6. O-O e5 7. e4 Nf6 8. d3 h6
9. h3 Be6 10. Nd5 Qd7 11. Kh2 Nd4 12. Nxd4 cxd4 13. Bd2 Bxd5 14. cxd5 g5 15. Rc1
O-O 16. Rc4 a5 17. Qc2 Rfd8 18. Rc7 Qb5 1/2-1/2

[Event "Open Ricany 2011"]
[Site "http://www.openricany.cz"]
[Date "2011.08.22"]
[Round "4.22"]
[White "Hadzala, Daniel"]
[Black "Boucek, Vlastimil"]
[Result "1/2-1/2"]
[WhiteElo "2162"]
[BlackElo "1984"]

1. e4 Nf6 2. Nc3 d5 3. e5 Ng8 4. d4 e6 5. f4 c5 6. Nf3 Nc6 7. Be3 cxd4 8. Nxd4
a6 9. Be2 Nge7 10. O-O Nxd4 11. Bxd4 Nf5 12. Bf2 Bd7 13. g4 Nh6 14. Bd3 g6
15. a4 Qc7 16. Kg2 Bc5 17. h3 Bxf2 18. Rxf2 Ng8 19. Qd2 Ne7 20. Re1 Bc6 21. Ne2
1/2-1/2

[Event "Open Ricany 2011"]
[Site "http://www.openricany.cz"]
[Date "2011.08.22"]
[Round "4.47"]
[White "Vavrinec, Tomas"]
[Black "Nigrin, Jiri"]
[Result "1-0"]
[WhiteElo "2015"]
[BlackElo "1700"]

1. c4 b6 2. Nc3 Bb7 3. e4 e6 4. Nf3 d6 5. d4 g6 6. Be2 Bg7 7. O-O Nf6 8. Bg5
Qd7 9. Qc2 O-O 10. Rad1 Qc8 11. Rfe1 Na6 12. e5 Nd7 13. exd6 cxd6 14. Be7 Re8
15. Bxd6 Nf6 16. Qa4 Nc7 17. Ne5 Rd8 18. Be7 Re8 19. Ba3 Rd8 20. Nc6 Bxc6
21. Qxc6 Nce8 22. Qa4 Qc7 23. Nb5 Qd7 24. Bf3 Rac8 25. Qxa7 Qxa7 26. Nxa7 Rxc4
27. Nc6 Rd7 28. Ne5 Rc2 29. Nxd7 Nxd7 30. d5 Bxb2 31. Bxb2 Rxb2 32. dxe6 fxe6
33. Rxd7 Rxa2 34. Rxe6 Ra1+ 35. Rd1 Rxd1+ 36. Bxd1 1-0

[Event "Open Ricany 2011"]
[Site "http://www.openricany.cz"]
[Date "2011.08.22"]
[Round "4.14"]
[White "Vesecky, Martin"]
[Black "Zvara, David"]
[Result "1/2-1/2"]
[WhiteElo "2083"]
[BlackElo "1979"]

1. d4 Nf6 2. Nf3 d5 3. c4 c6 4. g3 Bf5 5. Bg2 e6 6. O-O Nbd7 7. Qb3 Qb6 8. Nc3
Ne4 9. cxd5 Qxb3 10. axb3 exd5 11. Nh4 Nxc3 12. bxc3 Bc2 13. e4 dxe4 14. b4 Nf6
15. Re1 Nd5 16. Bd2 g6 17. Bxe4 Bxe4 18. f3 Be7 19. fxe4 Nb6 20. Nf3 Nc4 21. Bf4
O-O 22. Ne5 1/2-1/2

[Event "Open Ricany 2011"]
[Site "http://www.openricany.cz"]
[Date "2011.08.22"]
[Round "4.42"]
[White "Soltys, Roman"]
[Black "Havelka, Petr"]
[Result "1/2-1/2"]
[WhiteElo "1825"]
[BlackElo "1925"]

1. d4 d5 2. Nf3 Nf6 3. e3 Bf5 4. c4 c6 5. Nc3 e6 6. cxd5 exd5 7. Be2 Nbd7
8. O-O Bd6 9. Re1 Ne4 10. Bd3 Ndf6 11. Ne2 Qc7 12. Ng3 Bg4 13. Be2 h5 14. Nf1 g5
15. N3d2 Bxe2 16. Qxe2 O-O-O 17. f3 Nxd2 18. Bxd2 Rdg8 19. e4 1/2-1/2

[Event "Open Ricany 2011"]
[Site "http://www.openricany.cz"]
[Date "2011.08.22"]
[Round "4.49"]
[White "Rezac, Jindrich"]
[Black "Tvrdy, Jindrich"]
[Result "1/2-1/2"]
[WhiteElo "1862"]
[BlackElo "1920"]

1. e4 d6 2. d4 Nf6 3. Nc3 g6 4. f4 Bg7 5. Nf3 c5 6. d5 O-O 7. Bc4 Nbd7 8. O-O
Nb6 9. Qe2 Nxc4 10. Qxc4 e6 11. Rd1 exd5 12. Nxd5 Nxd5 13. Qxd5 Bg4 14. Qxb7
Bxf3 15. gxf3 Rb8 16. Qxa7 Bxb2 17. Bxb2 Rxb2 18. Qa6 Rxc2 19. Qd3 Rb2 20. Qxd6
Qxd6 21. Rxd6 Ra8 22. a4 c4 23. Rc6 Rd8 24. Rxc4 Rdd2 25. h4 Rg2+ 26. Kh1 Rh2+
27. Kg1 Rhg2+ 1/2-1/2

[Event "Open Ricany 2011"]
[Site "http://www.openricany.cz"]
[Date "2011.08.22"]
[Round "4.4"]
[White "Vesselovsky, Serguei"]
[Black "Vojta, Pavel"]
[Result "1/2-1/2"]
[WhiteElo "2383"]
[BlackElo "2175"]

1. e4 g6 2. d4 Bg7 3. Nc3 c6 4. Nf3 Nf6 5. e5 Nd5 6. Nxd5 cxd5 7. Bf4 Qb6
8. Qc1 a5 9. c3 a4 10. Bd3 O-O 11. O-O Qc6 12. Re1 Na6 13. Qd2 Nc7 14. Rac1 Ne6
15. Bh6 d6 16. Bxg7 Kxg7 17. c4 dxc4 18. Bxc4 d5 19. Be2 Qb6 20. Rc3 Bd7
21. Rec1 Rac8 22. Rxc8 1/2-1/2

[Event "Open Ricany 2011"]
[Site "http://www.openricany.cz"]
[Date "2011.08.22"]
[Round "4.2"]
[White "Haba, Zdenek"]
[Black "Gregor, Jiri"]
[Result "0-1"]
[WhiteElo "2207"]
[BlackElo "2262"]

1. e4 e6 2. d4 d5 3. e5 c5 4. c3 Nc6 5. Nf3 Bd7 6. Be2 Qb6 7. a3 a5 8. a4 Nh6
9. Na3 cxd4 10. cxd4 Bb4+ 11. Kf1 Nf5 12. Nb5 O-O 13. g4 Nfe7 14. Bg5 Kh8 15. h4
f6 16. exf6 gxf6 17. Bf4 e5 18. Bh6 Rf7 19. dxe5 fxe5 20. Be3 d4 21. Nxe5 Nxe5
22. Bxd4 Qf6 23. Bxe5 Qxe5 24. Qxd7 Raf8 25. Qd4 Qxd4 26. Nxd4 Rxf2+ 27. Kg1 Bc5
28. Ne6 Rf1+ 29. Kg2 R8f2+ 0-1

[Event "Open Ricany 2011"]
[Site "http://www.openricany.cz"]
[Date "2011.08.22"]
[Round "4.30"]
[White "Burianek, Petr"]
[Black "Pavlicek, Petr"]
[Result "1/2-1/2"]
[WhiteElo "1892"]
[BlackElo "2013"]

1. e4 c5 2. Nf3 d6 3. c3 Nf6 4. Bc4 e6 5. Qe2 Nc6 6. Bb3 Be7 7. O-O O-O 8. d4
e5 9. dxe5 dxe5 10. Rd1 Qc7 11. h3 a6 12. a4 Na5 13. Bc2 Be6 14. Bg5 Rad8
15. Rxd8 Rxd8 16. Nbd2 c4 17. Be3 h6 18. Rd1 b5 19. axb5 axb5 20. Nf1 Nc6
21. Rxd8+ Qxd8 22. Ng3 Qd7 23. Qd1 1/2-1/2

[Event "Open Ricany 2011"]
[Site "http://www.openricany.cz"]
[Date "2011.08.22"]
[Round "4.39"]
[White "Eisner, Oldrich"]
[Black "Jonas, Vaclav"]
[Result "0-1"]
[WhiteElo "1827"]
[BlackElo "1963"]

1. d4 Nf6 2. Nf3 g6 3. c4 Bg7 4. g3 O-O 5. Bg2 d6 6. Nc3 Nbd7 7. O-O e5 8. e4
exd4 9. Nxd4 Re8 10. Re1 Ng4 11. Qxg4 Bxd4 12. Qe2 Ne5 13. Qd2 c5 14. Nb5 Nxc4
15. Qc2 Qa5 16. Nc3 Be6 17. Bf4 Nxb2 18. Ne2 Bg7 19. Rab1 Nc4 20. Red1 Na3 0-1

[Event "Open Ricany 2011"]
[Site "http://www.openricany.cz"]
[Date "2011.08.22"]
[Round "4.19"]
[White "Rihova, Kamila"]
[Black "Horak, Vladimir"]
[Result "0-1"]
[WhiteElo "1631"]
[BlackElo "2043"]

1. e4 e6 2. d4 b6 3. c4 Bb7 4. Bd3 d5 5. cxd5 exd5 6. e5 Bb4+ 7. Nc3 c5 8. Bb5+
Bc6 9. Be2 Ne7 10. a3 cxd4 11. Qxd4 Bc5 12. Qg4 Ng6 13. Nf3 Qd7 14. Qg3 d4
15. Nb1 O-O 16. O-O Bb7 17. Rd1 Nc6 18. b4 Be7 19. Bb2 Qe6 20. Nxd4 Qxe5
21. Nxc6 Qxb2 22. Nxe7+ Nxe7 23. Nc3 Rac8 24. Ra2 Qxc3 25. Qxc3 Rxc3 26. Rd7
Rc1+ 27. Bf1 Ba6 28. h3 Bxf1 29. Kh2 Nc8 30. Rad2 Bb5 31. Rd8 g6 32. R2d5 Rxd8
33. Rxd8+ Kg7 0-1

[Event "Open Ricany 2011"]
[Site "http://www.openricany.cz"]
[Date "2011.08.22"]
[Round "4.26"]
[White "Vevera, Radek"]
[Black "Hadrava, Jaroslav"]
[Result "1-0"]
[WhiteElo "2043"]
[BlackElo "1890"]

1. e4 e5 2. Nf3 Nf6 3. Nxe5 d6 4. Nf3 Nxe4 5. d4 Be7 6. c4 O-O 7. Bd3 d5 8. O-O
Bg4 9. cxd5 Ng5 10. Bxg5 Bxg5 11. h3 Bh5 12. Nc3 c6 13. dxc6 Nxc6 14. d5 Ne5
15. Be2 Nxf3+ 16. Bxf3 Bxf3 17. Qxf3 Qb6 18. Rfd1 Rad8 19. Rd3 Be7 20. Rad1 Rd7
21. Qf5 Rfd8 22. Ne4 h6 23. b3 Qa5 24. Rf3 Bg5 25. Nxg5 hxg5 26. Rfd3 Qxa2
27. Qxg5 f6 28. Qf5 Qa5 29. Qe6+ Kf8 30. d6 Qe5 31. Qc4 f5 32. Rd5 Qf6 33. Qf4
g6 34. h4 Kg7 35. g3 Kh7 36. Kg2 Kg7 37. R1d4 Rc8 38. h5 Rc6 39. hxg6 Qxg6
40. Qxf5 Rcxd6 41. Rxd6 Qxd6 42. Qg4+ 1-0

[Event "Open Ricany 2011"]
[Site "http://www.openricany.cz"]
[Date "2011.08.22"]
[Round "4.24"]
[White "Lacina, Filip"]
[Black "Maly, Marek"]
[Result "1/2-1/2"]
[WhiteElo "2059"]
[BlackElo "1986"]

1. e4 e6 2. d4 d5 3. Nc3 Nf6 4. Bg5 Be7 5. e5 Nfd7 6. Bxe7 Qxe7 7. f4 O-O
8. Nf3 c5 9. Bd3 f6 10. exf6 Qxf6 11. g3 Nc6 12. dxc5 Nxc5 13. O-O Bd7 14. Qd2
Rad8 15. Rae1 a6 16. a3 Kh8 17. Rf2 Be8 18. Ne5 Nxe5 19. fxe5 Qxf2+ 20. Qxf2
Rxf2 21. Kxf2 g5 22. b4 Nd7 23. Nb1 Rc8 24. Nd2 Rc3 25. Nb1 Rc8 26. Nd2 Rc3
27. Nb3 Kg7 28. Nd4 Bf7 29. Nb3 1/2-1/2

[Event "Open Ricany 2011"]
[Site "http://www.openricany.cz"]
[Date "2011.08.22"]
[Round "4.18"]
[White "Vrecion, Jiri"]
[Black "Ambroz, Antonin"]
[Result "0-1"]
[WhiteElo "1771"]
[BlackElo "2054"]

1. d4 Nf6 2. Nf3 c5 3. dxc5 Qa5+ 4. Bd2 Qxc5 5. e3 d5 6. Bd3 Nc6 7. Qe2 e5
8. e4 dxe4 9. Bxe4 Nxe4 10. Qxe4 f5 11. Qe3 Be6 12. Qxc5 Bxc5 13. Bc3 Bb4
14. Bxb4 Nxb4 15. Na3 Nc6 16. O-O-O Rd8 17. Rxd8+ Kxd8 18. Rd1+ Ke7 19. Nb5 h6
20. a3 g5 21. g3 Rg8 22. b4 Bc4 23. Nc3 g4 24. Nh4 Ke6 25. Na4 b6 26. Nb2 Bd5
27. Rd2 Nd4 28. Nd3 Nf3 29. Nxf3 gxf3 30. Rd1 Rc8 31. Re1 Be4 32. Kd2 Kd5
33. Rb1 Kd4 34. Rb3 Bd5 35. Rb2 e4 36. Nf4 Bf7 37. Rb1 Rc3 38. Ra1 e3+ 39. fxe3+
Rxe3 40. h3 Bc4 0-1

[Event "Open Ricany 2011"]
[Site "http://www.openricany.cz"]
[Date "2011.08.22"]
[Round "4.40"]
[White "Cap, Adam"]
[Black "Berg, Antonin"]
[Result "1-0"]
[WhiteElo "1934"]
[BlackElo "1856"]

1. e4 Nf6 2. e5 Nd5 3. Nc3 Nxc3 4. bxc3 d6 5. f4 e6 6. Nf3 Be7 7. d4 Nd7 8. Bd3
c5 9. O-O d5 10. Ng5 g6 11. Qg4 Nf8 12. Ba3 c4 13. Bxe7 Qxe7 14. Bxc4 dxc4
15. Ne4 Nd7 16. Nd6+ Kf8 17. Qh3 Nb6 18. Qh6+ Kg8 19. Rf3 Qf8 20. Qg5 Bd7
21. Raf1 Bc6 22. Rh3 Rd8 23. f5 Rxd6 24. fxg6 hxg6 25. Rxh8+ Kxh8 26. exd6 Nc8
27. Qxg6 Nxd6 28. Qh5+ Kg8 29. Rf4 Nf5 30. Rg4+ Ng7 31. Qh6 f6 32. Rg6 f5
33. Qg5 Be4 34. h4 f4 35. Rf6 Qe7 36. h5 1-0

[Event "Open Ricany 2011"]
[Site "http://www.openricany.cz"]
[Date "2011.08.22"]
[Round "4.8"]
[White "Rehak, Martin"]
[Black "Juptner, Jan"]
[Result "0-1"]
[WhiteElo "2129"]
[BlackElo "2293"]

1. c4 g6 2. d4 Bg7 3. Nc3 c5 4. d5 Bxc3+ 5. bxc3 f5 6. e4 fxe4 7. Bg5 Qa5
8. Kd2 Nf6 9. f3 d6 10. Bxf6 exf6 11. fxe4 O-O 12. Bd3 Nd7 13. Nf3 Nb6 14. Qb3
Bd7 15. Kc1 Na4 16. Kc2 b5 17. cxb5 a6 18. Rhb1 axb5 19. Bxb5 Bxb5 20. Qxb5
Qxc3+ 21. Kd1 Qxa1 0-1

[Event "Open Ricany 2011"]
[Site "http://www.openricany.cz"]
[Date "2011.08.22"]
[Round "4.5"]
[White "Balacek, Tadeas"]
[Black "Vojta, Tomas"]
[Result "1/2-1/2"]
[WhiteElo "2251"]
[BlackElo "2368"]

1. d4 d5 2. c4 dxc4 3. e3 Nf6 4. Bxc4 e6 5. Nf3 a6 6. a4 b6 7. O-O Bb7 8. Qe2
Nbd7 9. Rd1 Bd6 10. Nc3 Qe7 11. e4 e5 12. Bg5 1/2-1/2

[Event "Open Ricany 2011"]
[Site "http://www.openricany.cz"]
[Date "2011.08.22"]
[Round "4.43"]
[White "Forman, Miroslav"]
[Black "Hampel, Rudolf"]
[Result "1-0"]
[WhiteElo "1912"]
[BlackElo "1837"]

1. e4 c5 2. b4 cxb4 3. a3 Nc6 4. axb4 Nxb4 5. Ba3 Nc6 6. Nc3 Nf6 7. d4 d6
8. Nf3 Bg4 9. Be2 g6 10. e5 dxe5 11. d5 Bxf3 12. Bxf3 Nd4 13. O-O Bg7 14. Re1
Nxf3+ 15. Qxf3 Nd7 16. Rab1 b6 17. d6 exd6 18. Bxd6 Rc8 19. Rbd1 Qf6 20. Qg3 Qf5
21. f4 f6 22. Nb5 Kd8 23. Nxa7 Rc4 24. Qf3 e4 25. Qb3 Qe6 26. Rd4 f5 27. Qxc4
1-0

[Event "Open Ricany 2011"]
[Site "http://www.openricany.cz"]
[Date "2011.08.22"]
[Round "4.36"]
[White "Plicka, Petr"]
[Black "Nemec, David"]
[Result "0-1"]
[WhiteElo "1864"]
[BlackElo "2037"]

1. d4 Nf6 2. c4 g6 3. Nf3 Bg7 4. g3 O-O 5. Bg2 d6 6. Nc3 c5 7. O-O Nc6 8. e3 e6
9. Qe2 a6 10. Rd1 Qc7 11. b3 Bd7 12. Bb2 Rab8 13. d5 Na5 14. dxe6 Bxe6 15. Rd2
Rfd8 16. Rad1 Ne8 17. Ng5 Qe7 18. Nxe6 fxe6 19. Bh3 Nc7 20. Rd3 b5 21. cxb5 axb5
22. Qd2 b4 23. Ne4 Bxb2 24. Qxb2 d5 25. Nf6+ Kf8 26. Qe5 Nc6 27. Qf4 Kg7 28. Ng4
g5 29. Qf3 h5 30. R3d2 Rf8 31. Qe2 hxg4 32. Bxg4 Ne5 33. Bh5 Nd7 34. f4 Ra8
35. Qg4 e5 36. f5 Kh6 37. Bg6 Nf6 38. Qe2 e4 39. g4 Kg7 40. Qg2 Rh8 41. Qg3 Rh4
42. h3 Rah8 43. Rh2 Rd8 44. Rhd2 Qd6 45. Qf2 Rxh3 0-1

[Event "Open Ricany 2011"]
[Site "http://www.openricany.cz"]
[Date "2011.08.22"]
[Round "4.21"]
[White "Matejovsky, Ondrej"]
[Black "Filip, Vojtech"]
[Result "0-1"]
[WhiteElo "2030"]
[BlackElo "1784"]

1. d4 d5 2. Nf3 c6 3. c3 Nf6 4. Bf4 e6 5. h3 Be7 6. e3 O-O 7. Bd3 Qb6 8. Qc2 c5
9. dxc5 Bxc5 10. g4 h6 11. g5 hxg5 12. Nxg5 e5 13. Bxe5 Bxe3 14. Bxf6 Qxf6
15. Nh7 Qf3 16. Rg1 Re8 17. Nf6+ Qxf6 18. fxe3 Rxe3+ 19. Be2 Qh4+ 20. Kd2 Qf2
21. Re1 Bxh3 22. Kd1 Nc6 23. Rh1 Rae8 24. Bd3 Re1+ 25. Rxe1 Rxe1# 0-1

[Event "Open Ricany 2011"]
[Site "http://www.openricany.cz"]
[Date "2011.08.22"]
[Round "4.17"]
[White "Marikova, Jana"]
[Black "Holub, Milan"]
[Result "1/2-1/2"]
[WhiteElo "1897"]
[BlackElo "2061"]

1. d4 f5 2. c4 Nf6 3. Nc3 e6 4. e3 c6 5. Bd3 d5 6. Nge2 Bd6 7. g3 O-O 8. O-O c5
9. cxd5 exd5 10. dxc5 Bxc5 11. Na4 Bd6 12. Nd4 g6 13. Bd2 Nc6 14. Rc1 Ne5
15. Be2 Qe7 16. Qb3 Bd7 17. Nc3 Bc6 18. Ncb5 Bxb5 19. Nxb5 Rfc8 20. Nxd6 Qxd6
21. Bc3 b6 22. Bd4 Ned7 23. Rfd1 Rxc1 24. Rxc1 Rd8 25. Qc3 Kf7 26. Bb5 Ne8
27. Bd3 Ndf6 28. Be5 Qe6 29. Bb5 Nd7 30. Bf4 Nd6 31. Bxd6 Qxd6 32. Qc7 Qe7
33. Qf4 Nc5 34. a3 Ne6 35. Qe5 Qd6 1/2-1/2

[Event "Open Ricany 2011"]
[Site "http://www.openricany.cz"]
[Date "2011.08.22"]
[Round "4.15"]
[White "Grecny, Karol"]
[Black "Janicek, Jindrich"]
[Result "1-0"]
[WhiteElo "1975"]
[BlackElo "2077"]

1. e4 c5 2. Nf3 e6 3. d4 cxd4 4. Nxd4 Nc6 5. Nxc6 bxc6 6. c4 Nf6 7. Bd3 Qc7
8. O-O Bc5 9. Nc3 h5 10. Qf3 Ng4 11. Bf4 Bd6 12. Bxd6 Qxd6 13. Qg3 Qxg3 14. hxg3
Ba6 15. Be2 Rb8 16. b3 d6 17. Rad1 Ke7 18. c5 Bxe2 19. cxd6+ Kd7 20. Nxe2 h4
21. Rd3 h3 22. f4 f5 23. exf5 exf5 24. Nd4 Rbe8 25. gxh3 Rxh3 26. Nxf5 Re2
27. Nh4 Reh2 28. Rfd1 Rxa2 29. Re1 Rhh2 30. Re7+ Kd8 31. Rd1 Rh1+ 32. Kxh1 Nf2+
33. Kg1 Nxd1 34. Rc7 Nc3 35. Ng6 Rd2 36. Rxa7 Rxd6 37. Ne5 Rf6 38. b4 Ne4
39. Rxg7 Nxg3 40. Rxg3 Rxf4 41. Rg6 1-0

[Event "Open Ricany 2011"]
[Site "http://www.openricany.cz"]
[Date "2011.08.22"]
[Round "4.3"]
[White "Haman, Jakub"]
[Black "Klement, Lukas"]
[Result "1/2-1/2"]
[WhiteElo "2146"]
[BlackElo "2234"]

1. e4 e5 2. Nc3 Nf6 3. g3 d5 4. exd5 Nxd5 5. Bg2 Nxc3 6. bxc3 Bd6 7. Nf3 O-O
8. O-O Nc6 9. Rb1 Rb8 10. d3 h6 11. Re1 Bg4 12. h3 Bh5 13. c4 Re8 14. Bb2 b6
15. Qd2 Qf6 16. Nh2 Nd4 17. Re3 c5 18. Be4 Qg5 19. c3 Ne6 20. Nf3 Bxf3 21. Bxf3
f5 22. Bd5 f4 23. Re4 Kh7 24. Bxe6 Rxe6 25. Kh1 Qh5 26. Kg2 Rf8 27. f3 fxg3
28. Qe2 Ref6 29. Rf1 Qf7 30. Bc1 Qd7 31. Bd2 Rf5 32. Be1 R8f6 33. Bxg3 h5
34. Rf2 Rg6 35. Kh2 Rfg5 36. Bh4 Be7 37. f4 Rf5 38. Bxe7 Qxe7 39. fxe5 Rfg5
40. d4 1/2-1/2

[Event "Open Ricany 2011"]
[Site "http://www.openricany.cz"]
[Date "2011.08.22"]
[Round "4.12"]
[White "Liuba, Volodymyr"]
[Black "Maly, Filip"]
[Result "1-0"]
[WhiteElo "2116"]
[BlackElo "2007"]

1. e4 c5 2. Nf3 d6 3. d4 cxd4 4. Nxd4 Nf6 5. Nc3 a6 6. Be3 e5 7. Nb3 Be7 8. f3
Nbd7 9. g4 b5 10. g5 Nh5 11. Qd2 Bb7 12. Rg1 Nf4 13. Bxf4 exf4 14. Qxf4 Ne5
15. O-O-O f6 16. gxf6 Bxf6 17. Qe3 O-O 18. f4 Nc4 19. Qg3 Qc7 20. Bxc4+ bxc4
21. Nd4 Rae8 22. Nf5 Bxe4 23. Nxd6 Bd3 24. Rxd3 cxd3 25. Qxd3 Kh8 26. Rd1 Rb8
27. b3 Qa5 28. a4 Qh5 {dale necitelne} 1-0